[Event "Chigorin Memorial 18th"]
[Site "St Petersburg"]
[Date "2010.11.02"]
[Round "6"]
[White "Naboka, Sergey"]
[Black "Verzhansky, Alexander"]
[Result "1/2-1/2"]
[WhiteElo "2152"]
[BlackElo "2352"]
[PlyCount "115"]
[EventDate "2010.10.28"]
[EventType "swiss"]
[EventRounds "9"]
[EventCountry "RUS"]
[SourceTitle "EXT 2011"]
[Source "ChessBase"]
[SourceDate "2010.11.26"]
[SourceVersion "1"]
[SourceVersionDate "2010.11.26"]
[SourceQuality "1"]

1. e4 e6 2. d4 d5 3. e5 c5 4. c3 Qb6 5. Nf3 Nc6 6. Be2 cxd4 7. cxd4 Nh6 8. Nc3 Nf5 9. Na4 Qa5+ 10. Bd2 Bb4 11. Nc3 Nfxd4 12. Nxd4 Nxd4 13. a3 Nxe2 14. axb4 Nxc3 15. bxc3 Qc7 16. 0-0 Qxe5 17. Re1 Qc7 18. b5 0-0 19. Ra4 f6 20. Qb1 Qf7 21. Re3 e5 22. Rg3 Qh5 23. f3 Rd8 24. Be3 a6 25. bxa6 Rxa6 26. Rxa6 bxa6 27. Qb6 Re8 28. Qxf6 Qf7 29. Qd6 Qe6 30. Qc7 Qd7 31. Qc5 Qe6 32. Qc7 Bd7 33. Bh6 g6 34. h4 Qc6 35. Qa7 Rc8 36. h5 Qc5+ 37. Qxc5 Rxc5 38. hxg6 Rxc3 39. gxh7+ Kxh7 40. Rg7+ Kxh6 41. Rxd7 Rc5 42. Rd6+ Kg5 43. Rxa6 Kf4 44. Kf2 Rc2+ 45. Kf1 d4 46. Ra3 Rc3 47. Ra1 e4 48. fxe4 d3 49. e5 Ke3 50. Re1+ Kd4 51. Ra1 Rc8 52. e6 Re8 53. Ke1 Rxe6+ 54. Kd1 Rb6 55. Ra8 Rb7 56. Kd2 Rb2+ 57. Kd1 Rxg2 58. Rd8+ 1/2-1/2

[Event "Chigorin Memorial 18th"]
[Site "St Petersburg"]
[Date "2010.10.30"]
[Round "3"]
[White "Verzhansky, Alexander"]
[Black "Napalkov, Vladimir Aleksandro"]
[Result "1-0"]
[WhiteElo "2352"]
[BlackElo "2144"]
[PlyCount "87"]
[EventDate "2010.10.28"]
[EventType "swiss"]
[EventRounds "9"]
[EventCountry "RUS"]
[SourceTitle "EXT 2011"]
[Source "ChessBase"]
[SourceDate "2010.11.26"]
[SourceVersion "1"]
[SourceVersionDate "2010.11.26"]
[SourceQuality "1"]

1. d4 d5 2. c4 c6 3. Nf3 Nf6 4. g3 e6 5. Nbd2 Nbd7 6. Bg2 Be7 7. 0-0 0-0 8. Qc2 b6 9. b3 Bb7 10. Bb2 Rc8 11. e4 c5 12. e5 Ne8 13. dxc5 Bxc5 14. Rfd1 b5 15. Rac1 Qb6 16. Nb1 Nc7 17. Ng5 g6 18. Qd2 bxc4 19. bxc4 dxc4 20. Bxb7 Qxb7 21. Rxc4 Nd5 22. Rh4 Be7 23. Bd4 Rc4 24. Nxh7 Bxh4 25. Nxf8 Nxf8 26. gxh4 Ne7 27. Qd3 Qb4 28. a3 Qa4 29. Nc3 Qc6 30. f3 Nf5 31. Ne2 Nxh4 32. Kf2 Nf5 33. Bxa7 Rh4 34. Kg1 Qc7 35. Bf2 Ra4 36. Qb3 Qa5 37. Rd3 Qa6 38. Bc5 Nh7 39. Ng3 Nh4 40. Bb4 Qa7+ 41. Kf1 Ng5 42. Ne4 Nhxf3 43. Rd8+ Kg7 44. Bf8+ 1-0

[Event "Chigorin Memorial 18th"]
[Site "St Petersburg"]
[Date "2010.10.28"]
[Round "1"]
[White "Verzhansky, Alexander"]
[Black "Safronov, Kirill"]
[Result "1-0"]
[WhiteElo "2352"]
[BlackElo "1853"]
[PlyCount "85"]
[EventDate "2010.10.28"]
[EventType "swiss"]
[EventRounds "9"]
[EventCountry "RUS"]
[SourceTitle "EXT 2011"]
[Source "ChessBase"]
[SourceDate "2010.11.26"]
[SourceVersion "1"]
[SourceVersionDate "2010.11.26"]
[SourceQuality "1"]

1. d4 Nf6 2. c4 e5 3. e3 exd4 4. exd4 Bb4+ 5. Nc3 Qe7+ 6. Be2 d5 7. Nf3 0-0 8. 0-0 dxc4 9. h3 Nbd7 10. Bxc4 Nb6 11. Re1 Qd6 12. Bd3 c6 13. a3 Bxc3 14. bxc3 Be6 15. Ne5 Qd8 16. Bg5 h6 17. Bh4 g5 18. Bg3 Nbd7 19. Bc2 Re8 20. Qd3 Nf8 21. c4 Nh5 22. Bh2 Qf6 23. Rab1 Bc8 24. Re3 Qg7 25. d5 Nf4 26. Qd4 c5 27. Qb2 f6 28. Nf3 Rxe3 29. fxe3 g4 30. hxg4 Bxg4 31. Qxb7 Nh3+ 32. gxh3 Bxf3+ 33. Qxg7+ Kxg7 34. Rb7+ Kg8 35. Bf4 Bh5 36. Bxh6 Bf7 37. Bf4 Ng6 38. Rb8+ Rxb8 39. Bxb8 a6 40. Bf5 Ne7 41. d6 Nc6 42. d7 Bxc4 43. Bc7 1-0

[Event "Novosibirsk Sputnik op"]
[Site "Novosibirsk"]
[Date "2010.06.23"]
[Round "7"]
[White "Glukhov, Mikhail"]
[Black "Verzhansky, Alexander"]
[Result "0-1"]
[WhiteElo "2204"]
[BlackElo "2302"]
[PlyCount "42"]
[EventDate "2010.06.15"]
[EventType "swiss"]
[EventRounds "9"]
[EventCountry "RUS"]
[SourceTitle "EXT 2011"]
[Source "ChessBase"]
[SourceDate "2010.11.26"]
[SourceVersion "1"]
[SourceVersionDate "2010.11.26"]
[SourceQuality "1"]

1. e4 e6 2. d4 d5 3. Nc3 Bb4 4. e5 c5 5. a3 Bxc3+ 6. bxc3 Ne7 7. Qg4 0-0 8. dxc5 Nbc6 9. Nf3 Ng6 10. Bd3 f5 11. exf6 Qxf6 12. Bxg6 Qxc3+ 13. Bd2 Qxa1+ 14. Ke2 Qf6 15. Bxh7+ Kxh7 16. Ng5+ Kg8 17. Qh4 Qf5 18. g4 Nd4+ 19. Kf1 Nf3 20. Qh5 Qxc2 21. Nxf3 Qd1+ 0-1

[Event "Novosibirsk Sputnik op"]
[Site "Novosibirsk"]
[Date "2010.06.18"]
[Round "4"]
[White "Verzhansky, Alexander"]
[Black "Yakushev, Nikolai"]
[Result "1-0"]
[WhiteElo "2302"]
[BlackElo "2209"]
[PlyCount "73"]
[EventDate "2010.06.15"]
[EventType "swiss"]
[EventRounds "9"]
[EventCountry "RUS"]
[SourceTitle "EXT 2011"]
[Source "ChessBase"]
[SourceDate "2010.11.26"]
[SourceVersion "1"]
[SourceVersionDate "2010.11.26"]
[SourceQuality "1"]

1. d4 Nf6 2. Nf3 e6 3. e3 b6 4. Bd3 Bb7 5. 0-0 Be7 6. c4 0-0 7. Nc3 c5 8. d5 exd5 9. cxd5 d6 10. e4 a6 11. a4 Nbd7 12. Re1 Re8 13. h3 Nf8 14. Bf4 Ng6 15. Bh2 Nd7 16. Bf1 Qc7 17. Rc1 Bf6 18. b4 Nde5 19. Nxe5 Nxe5 20. bxc5 bxc5 21. Qc2 Bc8 22. Nb1 Bd7 23. f4 Ng6 24. Nd2 Rab8 25. Bxa6 Rb4 26. Bb5 Bxb5 27. axb5 Rxb5 28. Nc4 Bd4+ 29. Kh1 Qd8 30. Qa4 Rb7 31. Nxd6 Rbe7 32. Nxe8 Rxe8 33. d6 Rf8 34. e5 Qh4 35. f5 Nf4 36. Bxf4 Qxf4 37. e6 1-0

[Event "Sibiria Region-chT"]
[Site "Berdsk"]
[Date "2009.12.13"]
[Round "2"]
[White "Matyukov, Petr"]
[Black "Verzhansky, Alexander"]
[Result "1/2-1/2"]
[WhiteElo "2284"]
[BlackElo "2333"]
[PlyCount "106"]
[EventDate "2009.12.12"]
[EventType "team-tourn"]
[EventRounds "5"]
[EventCountry "RUS"]
[SourceTitle "CBM 134 Extra"]
[Source "ChessBase"]
[SourceDate "2010.03.03"]
[SourceVersion "1"]
[SourceVersionDate "2010.03.03"]
[SourceQuality "1"]

1. c4 c6 2. Nf3 d5 3. d4 Nf6 4. e3 a6 5. Bd3 g6 6. 0-0 Bg7 7. b3 Bg4 8. Nbd2 0-0 9. Bb2 e6 10. Rc1 Nbd7 11. h3 Bxf3 12. Nxf3 Qe7 13. Rc2 Rfe8 14. Qc1 Bf8 15. Re1 Qd8 16. Qa1 Bd6 17. Ne5 Qe7 18. Qc1 Qf8 19. Rd1 Red8 20. Nf3 Rac8 21. c5 Bc7 22. b4 Re8 23. a4 e5 24. dxe5 Nxe5 25. Qa1 Nxf3+ 26. gxf3 Nh5 27. Qa3 Be5 28. f4 Bxb2 29. Qxb2 Qg7 30. Qxg7+ Nxg7 31. Kg2 f5 32. Kf3 Ne6 33. h4 Kf7 34. Rb1 Kf6 35. Rcc1 Ra8 36. Bf1 Rec8 37. Bg2 Ra7 38. Ke2 Raa8 39. Kf3 Rc7 40. Ke2 Kf7 41. Bf3 Kf6 42. Bg2 Rac8 43. Bf3 Ra8 44. Bg2 Kg7 45. Bf3 Kf7 46. Rb2 Kf6 47. Bg2 Rd7 48. Kf1 Rad8 49. Bf3 Ra8 50. Bg2 Re7 51. Bf3 Rd8 52. Rb3 Red7 53. Rbb1 Ra8 1/2-1/2

[Event "Sibiria Region-chT"]
[Site "Berdsk"]
[Date "2009.12.12"]
[Round "1"]
[White "Verzhansky, Alexander"]
[Black "Rykov, Ivan"]
[Result "1-0"]
[WhiteElo "2333"]
[BlackElo "2334"]
[PlyCount "95"]
[EventDate "2009.12.12"]
[EventType "team-tourn"]
[EventRounds "5"]
[EventCountry "RUS"]
[SourceTitle "CBM 134 Extra"]
[Source "ChessBase"]
[SourceDate "2010.03.03"]
[SourceVersion "1"]
[SourceVersionDate "2010.03.03"]
[SourceQuality "1"]

1. d4 Nf6 2. c4 g6 3. Nc3 Bg7 4. e4 d6 5. f3 0-0 6. Be3 c5 7. dxc5 dxc5 8. Qxd8 Rxd8 9. Bxc5 Nc6 10. Rd1 Rxd1+ 11. Kxd1 b6 12. Be3 Bb7 13. Nh3 Nd7 14. Kc2 Rc8 15. Be2 Nc5 16. Rd1 Ba6 17. Nf4 e6 18. Rd2 Nb7 19. a3 Nca5 20. b3 Nc5 21. Bxc5 bxc5 22. Rd7 Nc6 23. Bd1 Rb8 24. Nfe2 Rb7 25. Rxb7 Bxb7 26. Na4 Bf8 27. Nc1 Ne5 28. Nd3 Nxd3 29. Kxd3 Bc6 30. Nc3 Bd6 31. g3 g5 32. Ne2 f5 33. exf5 exf5 34. Ke3 Kg7 35. Bc2 Kf6 36. f4 h6 37. Nc1 a5 38. Bd1 g4 39. Bc2 h5 40. Bd3 Kg6 41. Bf1 Be4 42. h3 h4 43. Kf2 Be7 44. Bg2 Bc2 45. gxh4 Bxh4+ 46. Ke3 g3 47. Bf3 Bd1 48. Bxd1 1-0

[Event "Novosibirsk Region-ch"]
[Site "Novosibirsk"]
[Date "2009.12.08"]
[Round "6"]
[White "Garder, Igor"]
[Black "Verzhansky, Alexander"]
[Result "1/2-1/2"]
[WhiteElo "2221"]
[BlackElo "2287"]
[PlyCount "146"]
[EventDate "2009.12.04"]
[EventType "swiss"]
[EventRounds "9"]
[EventCountry "RUS"]
[SourceTitle "EXT 2011"]
[Source "ChessBase"]
[SourceDate "2010.11.26"]
[SourceVersion "1"]
[SourceVersionDate "2010.11.26"]
[SourceQuality "1"]

1. c4 c6 2. Nf3 d5 3. e3 Nf6 4. Nc3 a6 5. a4 e6 6. d4 c5 7. Be2 Nc6 8. 0-0 Be7 9. b3 0-0 10. Bb2 b6 11. Ne5 Bb7 12. Bf3 Qd6 13. cxd5 exd5 14. Nxc6 Bxc6 15. Ba3 a5 16. Rc1 Rac8 17. Ne2 Bb7 18. Qd2 Ne4 19. Bxe4 dxe4 20. Qa2 Rfd8 21. Rfd1 Ba6 22. Ng3 Qe6 23. dxc5 bxc5 24. Rxd8+ Rxd8 25. h3 Qd5 26. Qc2 Qd3 27. Qc3 Qxc3 28. Rxc3 Rd1+ 29. Kh2 Rd3 30. Nxe4 Rxc3 31. Nxc3 Bd3 32. Nb5 Bc2 33. Na7 Bxb3 34. Nc6 Bd6+ 35. f4 Bc7 36. Bxc5 Bxa4 37. Ne7+ Kh8 38. Nd5 Bd8 39. Kg3 Bc6 40. Ne7 Be4 41. Kf2 h5 42. g3 a4 43. Nc8 Kg8 44. Nd6 Bd3 45. e4 Ba5 46. e5 Bc3 47. Ba3 Bd4+ 48. Kf3 Bf1 49. h4 Bd3 50. g4 g6 51. gxh5 gxh5 52. Nb7 Kg7 53. Nc5 Bb5 54. e6 f5 55. Nd7 Bc6+ 56. Kg3 Kg8 57. Ne5 Be8 58. Nf3 Bc3 59. Ne5 Kg7 60. Nd7 Bd4 61. Kh3 Kg6 62. Ne5+ Kf6 63. Nf3 Be3 64. e7 Bxf4 65. Nd4 Be3 66. Nc2 Bf2 67. Nb4 Ke6 68. Nd3 Be3 69. Kg3 Kd5 70. Kf3 Bd2 71. Nf4+ Kc6 72. Ne6 Bh6 73. Nd4+ Kd7 1/2-1/2

[Event "Anapa"]
[Site "Anapa"]
[Date "2009.09.03"]
[Round "6"]
[White "Maiorov, Oleg Ivanovich"]
[Black "Verzhansky, Alexander"]
[Result "1/2-1/2"]
[WhiteElo "2404"]
[BlackElo "2333"]
[PlyCount "51"]
[EventDate "2009.08.30"]
[EventType "tourn"]
[EventRounds "13"]
[EventCountry "RUS"]
[EventCategory "3"]
[SourceTitle "CBM 132 Extra"]
[Source "ChessBase"]
[SourceDate "2009.11.03"]
[SourceVersion "1"]
[SourceVersionDate "2009.11.03"]
[SourceQuality "1"]

1. e4 e6 2. d3 d5 3. Qe2 dxe4 4. dxe4 e5 5. c3 a5 6. Nf3 Nd7 7. Qc2 Ngf6 8. Be2 Bc5 9. 0-0 0-0 10. a4 c6 11. Nbd2 Qc7 12. Nc4 Re8 13. Bg5 h6 14. Bh4 Nh5 15. Bg3 Nxg3 16. hxg3 Nb6 17. Nxb6 Qxb6 18. Nd2 Be6 19. Nc4 Bxc4 20. Bxc4 Rad8 21. Rfd1 Rxd1+ 22. Rxd1 Rd8 23. Rxd8+ Qxd8 24. Qd3 Qxd3 25. Bxd3 Kf8 26. Kf1 1/2-1/2

[Event "Anapa"]
[Site "Anapa"]
[Date "2009.08.31"]
[Round "2"]
[White "Verzhansky, Alexander"]
[Black "Gutenev, Alexander"]
[Result "0-1"]
[WhiteElo "2333"]
[BlackElo "2347"]
[PlyCount "62"]
[EventDate "2009.08.30"]
[EventType "tourn"]
[EventRounds "13"]
[EventCountry "RUS"]
[EventCategory "3"]
[SourceTitle "CBM 132 Extra"]
[Source "ChessBase"]
[SourceDate "2009.11.03"]
[SourceVersion "1"]
[SourceVersionDate "2009.11.03"]
[SourceQuality "1"]

1. d4 Nf6 2. c4 g6 3. Nc3 d5 4. cxd5 Nxd5 5. e4 Nxc3 6. bxc3 Bg7 7. Bc4 0-0 8. Ne2 c5 9. 0-0 Nc6 10. Be3 Na5 11. Bd3 b6 12. Qd2 e5 13. d5 f5 14. f3 f4 15. Bf2 c4 16. Bc2 Nb7 17. Ba4 Bd7 18. Bxd7 Qxd7 19. a4 Rac8 20. Kh1 g5 21. Ng1 Rf6 22. Qe2 h5 23. g3 Kh7 24. gxf4 gxf4 25. Bh4 Rg6 26. Rf2 Rg8 27. Qxc4 Bf8 28. Rff1 Bc5 29. Bf2 Rg2 30. Bxc5 Qg7 31. Ra2 Na5 0-1

[Event "Novosibirsk Siberia-A"]
[Site "Novosibirsk"]
[Date "2009.07.25"]
[Round "8"]
[White "Verzhansky, Alexander"]
[Black "Bublei, Pavel"]
[Result "1-0"]
[WhiteElo "2333"]
[BlackElo "2189"]
[PlyCount "101"]
[EventDate "2009.07.18"]
[EventType "tourn"]
[EventRounds "9"]
[EventCountry "RUS"]
[SourceTitle "EXT 2021"]
[Source "ChessBase"]
[SourceDate "2020.10.23"]
[SourceVersion "1"]
[SourceVersionDate "2020.10.23"]
[SourceQuality "1"]

1. d4 Nf6 2. c4 c6 3. Nc3 g6 4. Bf4 Bg7 5. Nf3 0-0 6. h3 d5 7. e3 Nbd7 8. cxd5 Nxd5 9. Nxd5 cxd5 10. Bd3 f6 11. 0-0 e5 12. dxe5 fxe5 13. Bg5 Qe8 14. Bc2 Nb6 15. a4 Be6 16. Bh4 h6 17. Bg3 Bf7 18. Bb3 Rc8 19. Qe2 Qe7 20. Rfd1 Rfd8 21. e4 d4 22. Bxf7+ Kxf7 23. Ne1 Rc6 24. Rdc1 Rdc8 25. Rxc6 Rxc6 26. Nd3 Nd7 27. b4 Rc3 28. f4 Kg8 29. Rf1 exf4 30. Bxf4 Qe6 31. e5 g5 32. Bg3 Rc8 33. Qe4 b6 34. Qxd4 Re8 35. Qe4 Nf8 36. Rc1 Qb3 37. Qc4+ Qxc4 38. Rxc4 Re7 39. Rc8 Kf7 40. b5 Ne6 41. Nb4 Nc5 42. Nc6 Rd7 43. a5 bxa5 44. Bf2 Nd3 45. Bxa7 a4 46. Bd4 a3 47. b6 a2 48. Ra8 Nb4 49. Nd8+ Rxd8 50. Rxd8 Nc6 51. Rd7+ 1-0

[Event "Novosibirsk Siberia-A"]
[Site "Novosibirsk"]
[Date "2009.07.23"]
[Round "6"]
[White "Verzhansky, Alexander"]
[Black "Novikova, Anna"]
[Result "1-0"]
[WhiteElo "2333"]
[BlackElo "2240"]
[PlyCount "43"]
[EventDate "2009.07.18"]
[EventType "tourn"]
[EventRounds "9"]
[EventCountry "RUS"]
[SourceTitle "EXT 2021"]
[Source "ChessBase"]
[SourceDate "2020.10.23"]
[SourceVersion "1"]
[SourceVersionDate "2020.10.23"]
[SourceQuality "1"]

1. d4 d5 2. c4 c6 3. Nf3 e6 4. Nc3 Nf6 5. Bg5 h6 6. Bh4 dxc4 7. e4 g5 8. Bg3 b5 9. h4 g4 10. Ne5 Bb4 11. f3 h5 12. Be2 Bb7 13. 0-0 Rf8 14. fxg4 Bxc3 15. bxc3 Nxe4 16. Qe1 Nd7 17. g5 Qa5 18. Bxh5 Nxg3 19. Nxf7 Rxf7 20. Qxe6+ Kd8 21. Rxf7 Bc8 22. Qd6 1-0

[Event "Novosibirsk Siberia-A"]
[Site "Novosibirsk"]
[Date "2009.07.21"]
[Round "4"]
[White "Verzhansky, Alexander"]
[Black "Karimov, Adkhamzhan"]
[Result "1-0"]
[WhiteElo "2333"]
[BlackElo "2118"]
[PlyCount "79"]
[EventDate "2009.07.18"]
[EventType "tourn"]
[EventRounds "9"]
[EventCountry "RUS"]
[SourceTitle "EXT 2021"]
[Source "ChessBase"]
[SourceDate "2020.10.23"]
[SourceVersion "1"]
[SourceVersionDate "2020.10.23"]
[SourceQuality "1"]

1. d4 Nf6 2. c4 g6 3. Nc3 Bg7 4. e4 d6 5. f3 0-0 6. Be3 a6 7. Nge2 Nc6 8. Qd2 e5 9. d5 Ne7 10. g4 Ne8 11. Ng3 f5 12. gxf5 gxf5 13. Bg5 Nf6 14. exf5 Nxf5 15. Nh5 Qe8 16. Nxg7 Nxg7 17. Rg1 Bf5 18. Bh6 Nfh5 19. 0-0-0 Rd8 20. Bd3 Bxd3 21. Qxd3 Rd7 22. Ne4 Nf4 23. Bxf4 Rxf4 24. Rg4 Rdf7 25. Ng5 R7f5 26. Rxf4 exf4 27. Ne6 Qg6 28. Nxc7 Qf7 29. Ne6 Nxe6 30. dxe6 Qxe6 31. Qxd6 Qxc4+ 32. Kb1 Qc5 33. Qb8+ Rf8 34. Qxb7 Qf5+ 35. Ka1 Qc5 36. Qxa6 Re8 37. a3 Qe3 38. Qf6 Rf8 39. Qg5+ Kh8 40. Qd5 1-0

[Event "Novosibirsk Siberia-A"]
[Site "Novosibirsk"]
[Date "2009.07.19"]
[Round "2"]
[White "Timofeeva, Ekaterina"]
[Black "Verzhansky, Alexander"]
[Result "1-0"]
[WhiteElo "2272"]
[BlackElo "2333"]
[PlyCount "69"]
[EventDate "2009.07.18"]
[EventType "tourn"]
[EventRounds "9"]
[EventCountry "RUS"]
[SourceTitle "EXT 2021"]
[Source "ChessBase"]
[SourceDate "2020.10.23"]
[SourceVersion "1"]
[SourceVersionDate "2020.10.23"]
[SourceQuality "1"]

1. Nf3 d5 2. g3 Nf6 3. Bg2 c6 4. 0-0 Nbd7 5. d3 e5 6. c4 Be7 7. Qc2 0-0 8. b3 Re8 9. cxd5 cxd5 10. Bb2 Bd6 11. Nc3 a6 12. Rac1 Nb6 13. e4 d4 14. Ne2 Re7 15. Qd2 Ne8 16. Nh4 Rc7 17. Nf5 Bf8 18. Qa5 Nd7 19. f4 b6 20. Qd2 f6 21. g4 Rxc1 22. Bxc1 Nc5 23. Neg3 g6 24. b4 gxf5 25. bxc5 fxg4 26. fxe5 fxe5 27. cxb6 Qxb6 28. Qg5+ Bg7 29. Ba3 Qg6 30. Qe7 h5 31. Nf5 Qe6 32. Qg5 Bd7 33. Qxh5 Bf6 34. Qxg4+ Ng7 35. Qg6 1-0

[Event "Sibiria Region-ch"]
[Site "Irkutsk"]
[Date "2009.05.10"]
[Round "1"]
[White "Verzhansky, Alexander"]
[Black "Rushakov, Anatoly"]
[Result "1-0"]
[WhiteElo "2335"]
[BlackElo "2049"]
[PlyCount "115"]
[EventDate "2009.05.10"]
[EventType "swiss"]
[EventRounds "9"]
[EventCountry "RUS"]
[SourceTitle "CBM 130 Extra"]
[Source "ChessBase"]
[SourceDate "2009.07.02"]
[SourceVersion "2"]
[SourceVersionDate "2009.07.15"]
[SourceQuality "1"]

1. d4 c5 2. d5 d6 3. c4 Nf6 4. Nc3 g6 5. Nf3 Bg7 6. e4 0-0 7. h3 Na6 8. Bd3 Nc7 9. 0-0 a6 10. a4 b6 11. Bf4 Rb8 12. e5 Nfe8 13. Qd2 e6 14. Bh6 b5 15. axb5 axb5 16. Bxg7 Kxg7 17. dxe6 Bxe6 18. cxb5 d5 19. Be2 Bf5 20. Rfd1 d4 21. Na4 Ne6 22. Rac1 Qe7 23. b4 d3 24. Bxd3 Rd8 25. Qe3 Bxd3 26. Rxd3 Rxd3 27. Qxd3 cxb4 28. b6 f6 29. exf6+ Rxf6 30. Re1 Qb7 31. Qb5 Nd6 32. Qxb4 Nf4 33. Qc3 Nxh3+ 34. gxh3 Qxf3 35. Qxf3 Rxf3 36. Nc5 Rf7 37. Rb1 Nb7 38. Nxb7 Rxb7 39. Kg2 Kf6 40. Rb5 Ke6 41. Kg3 Kf6 42. Kf4 h6 43. Kg4 Ke6 44. h4 Kf6 45. Rb3 Ke6 46. Kf4 Rf7+ 47. Ke4 Rb7 48. Kd4 Kd6 49. Rf3 Rg7 50. Rf6+ Kd7 51. Kd5 g5 52. h5 g4 53. Rxh6 Rg5+ 54. Ke4 g3 55. fxg3 Rxg3 56. Rg6 Rh3 57. h6 Ke7 58. b7 1-0

[Event "Sibiria Region-chT"]
[Site "Berdsk"]
[Date "2008.11.29"]
[Round "3"]
[White "Verzhansky, Alexander"]
[Black "Kolesnikov, Evgeny"]
[Result "1-0"]
[WhiteElo "2346"]
[BlackElo "2410"]
[PlyCount "55"]
[EventDate "2008.11.28"]
[EventType "team-swiss"]
[EventRounds "7"]
[EventCountry "RUS"]
[SourceTitle "EXT 2010"]
[Source "ChessBase"]
[SourceDate "2010.11.25"]
[SourceVersion "1"]
[SourceVersionDate "2010.11.25"]
[SourceQuality "1"]

1. d4 d5 2. c4 e6 3. Nf3 Nf6 4. Nc3 Be7 5. Bf4 0-0 6. e3 c5 7. cxd5 exd5 8. dxc5 Bxc5 9. Be2 Nc6 10. 0-0 Be6 11. Nb5 Qe7 12. Rc1 Rad8 13. Bg5 Bb6 14. Qa4 Rfe8 15. Qh4 d4 16. Nbxd4 Nxd4 17. Nxd4 Bxd4 18. exd4 Bxa2 19. Bb5 Rf8 20. Ra1 Bd5 21. Rxa7 Be4 22. Bxf6 gxf6 23. Re1 Rxd4 24. Ra5 Rfd8 25. Rxe4 Rd1+ 26. Bf1 Qd6 27. Qg3+ Qxg3 28. fxg3 1-0

[Event "Sibiria Region-chT"]
[Site "Berdsk"]
[Date "2008.11.28"]
[Round "1"]
[White "Verzhansky, Alexander"]
[Black "Khaustov, Vladimir"]
[Result "1/2-1/2"]
[WhiteElo "2346"]
[BlackElo "2203"]
[PlyCount "138"]
[EventDate "2008.11.28"]
[EventType "team-swiss"]
[EventRounds "7"]
[EventCountry "RUS"]
[SourceTitle "EXT 2010"]
[Source "ChessBase"]
[SourceDate "2010.11.25"]
[SourceVersion "1"]
[SourceVersionDate "2010.11.25"]
[SourceQuality "1"]

1. d4 Nf6 2. c4 c5 3. d5 b5 4. Nd2 bxc4 5. e4 e6 6. dxe6 dxe6 7. Bxc4 Be7 8. Ngf3 0-0 9. 0-0 Nc6 10. b3 Bb7 11. Bb2 Na5 12. Qc2 Nxc4 13. bxc4 Qc7 14. Rfe1 Rfd8 15. Bc3 Nd7 16. Nb3 a5 17. Nbd2 Bc6 18. Nb1 Nb6 19. Na3 Ba4 20. Qb2 f6 21. Rab1 Rdb8 22. Qd2 Qd7 23. Rb2 Bc6 24. Reb1 Bd8 25. Qe1 a4 26. Qe3 Qe7 27. Nd2 Nd7 28. Nb5 Bxb5 29. Rxb5 Rxb5 30. cxb5 Ba5 31. Nc4 Bxc3 32. Qxc3 Qd6 33. Ne3 Qd4 34. Qc4 Qxc4 35. Nxc4 Rb8 36. Kf1 Kf8 37. Ke2 Ke7 38. Kd3 Kd8 39. Kc3 Kc7 40. f4 g6 41. Ne3 Nb6 42. Rd1 Rd8 43. Rxd8 Kxd8 44. Nc4 Kc7 45. g4 Nd7 46. h4 h6 47. Kb2 Nb6 48. Kc3 Nd7 49. h5 g5 50. fxg5 fxg5 51. Nb2 Kb6 52. Nc4+ Kxb5 53. Nd6+ Kc6 54. Nf7 Nf6 55. Nxh6 Nxe4+ 56. Kd3 Nf6 57. Nf7 Nxg4 58. Nxg5 Kd5 59. Nf7 Nf6 60. h6 Nh7 61. Kc3 e5 62. Nh8 Nf8 63. Nf7 Nh7 64. Nh8 e4 65. Ng6 Ke6 66. Kc4 Kf5 67. Ne7+ Ke6 68. Ng6 Kd6 69. Nf4 Nf6 1/2-1/2

[Event "Winterthur YM 8th"]
[Site "Winterthur"]
[Date "2008.10.10"]
[Round "8"]
[White "Lehmann, Marco"]
[Black "Verzhansky, Alexander"]
[Result "0-1"]
[WhiteElo "2301"]
[BlackElo "2346"]
[PlyCount "58"]
[EventDate "2008.10.03"]
[EventType "tourn"]
[EventRounds "9"]
[EventCountry "SUI"]
[EventCategory "4"]
[SourceTitle "CBM 126 Extra"]
[Source "ChessBase"]
[SourceDate "2008.11.05"]
[SourceVersion "1"]
[SourceVersionDate "2008.11.05"]
[SourceQuality "1"]

1. e4 e6 2. d4 d5 3. Nd2 Nf6 4. e5 Nfd7 5. Bd3 c5 6. c3 Nc6 7. Ne2 cxd4 8. cxd4 f6 9. exf6 Nxf6 10. Nf3 Bd6 11. 0-0 Qc7 12. Nc3 a6 13. Bg5 0-0 14. Bh4 Nh5 15. Rc1 g6 16. Bg3 Nxg3 17. hxg3 Qg7 18. Bb1 Bd7 19. Na4 Be7 20. Nc5 Bf6 21. Bc2 Rae8 22. Nxd7 Qxd7 23. Re1 b5 24. Bb3 Rc8 25. Qd2 Rfe8 26. Rc3 Bd8 27. Qf4 Ba5 28. Ne5 Nxe5 29. Rxc8 Qxc8 0-1

[Event "Winterthur YM 8th"]
[Site "Winterthur"]
[Date "2008.10.09"]
[Round "7"]
[White "Prohaszka, Peter"]
[Black "Verzhansky, Alexander"]
[Result "1/2-1/2"]
[WhiteElo "2502"]
[BlackElo "2346"]
[PlyCount "83"]
[EventDate "2008.10.03"]
[EventType "tourn"]
[EventRounds "9"]
[EventCountry "SUI"]
[EventCategory "4"]
[SourceTitle "CBM 126 Extra"]
[Source "ChessBase"]
[SourceDate "2008.11.05"]
[SourceVersion "1"]
[SourceVersionDate "2008.11.05"]
[SourceQuality "1"]

1. d4 d5 2. c4 c6 3. Nc3 Nf6 4. e3 Bf5 5. cxd5 cxd5 6. Qb3 Bc8 7. Bb5+ Nc6 8. Nf3 e6 9. Ne5 Bd7 10. Bxc6 Bxc6 11. Bd2 Nd7 12. Nxc6 bxc6 13. Na4 Rb8 14. Qc2 Rc8 15. Rc1 Bd6 16. Qd3 0-0 17. Qa6 Qc7 18. h3 c5 19. dxc5 Nxc5 20. Nxc5 Bxc5 21. b4 Qd6 22. Qb7 Qe7 23. Qa6 Qd6 24. Qxd6 Bxd6 25. Ke2 a6 26. Kd3 f6 27. Rxc8 Rxc8 28. a4 Kf7 29. Rb1 Rb8 30. e4 dxe4+ 31. Kxe4 Ke7 32. g4 g6 33. b5 axb5 34. axb5 f5+ 35. gxf5 gxf5+ 36. Kd4 Kd7 37. Be3 Ra8 38. b6 f4 39. Bd2 Kc6 40. Ke4 Ra4+ 41. Kf3 Kb7 42. Rb3 1/2-1/2

[Event "Winterthur YM 8th"]
[Site "Winterthur"]
[Date "2008.10.03"]
[Round "1"]
[White "Pokazanjev, Nikolai"]
[Black "Verzhansky, Alexander"]
[Result "1/2-1/2"]
[WhiteElo "2475"]
[BlackElo "2346"]
[PlyCount "44"]
[EventDate "2008.10.03"]
[EventType "tourn"]
[EventRounds "9"]
[EventCountry "SUI"]
[EventCategory "4"]
[SourceTitle "CBM 126 Extra"]
[Source "ChessBase"]
[SourceDate "2008.11.05"]
[SourceVersion "1"]
[SourceVersionDate "2008.11.05"]
[SourceQuality "1"]

1. e4 e6 2. d4 d5 3. e5 c5 4. c3 Nc6 5. Nf3 Bd7 6. Be2 Nge7 7. Na3 cxd4 8. cxd4 Nf5 9. Nc2 Nb4 10. Nxb4 Bxb4+ 11. Bd2 Qb6 12. Bxb4 Qxb4+ 13. Qd2 a5 14. a3 Qb6 15. 0-0 0-0 16. Rfc1 Rfc8 17. Bd3 Ne7 18. Rxc8+ Rxc8 19. Rc1 Rxc1+ 20. Qxc1 h6 21. Qc3 Ba4 22. Kf1 Bb5 1/2-1/2